000 00689nam a2200205 i 4500
001 156582
003 ES-MaACL
005 20250807122326.0
008 040802s1888 xxk |||| | eng d
040 _aCAM
_bspa
_cCAM
100 1 _aKebbel, Thomas Edward.
_9128437
245 1 0 _aLife of Lord Beaconsfiel /
_cby T.E. Kebbel.
260 _aLondon :
_bW.H. Allen & co.,
_c1888.
300 _aXVI, 220 p. ;
_c19 cm.
490 1 _aThe statesmen series / edited by Lloyd C. Sanders
600 1 4 _aDisraeli, Benjamin,
_d1804-1881
_944878
830 0 _aThe statesmen series / edited by Lloyd C. Sanders
_9188078
852 _aES-MaACL
_jG-10479
_z-- Enc. tela
999 _c156582
_d156582